[Event "CRO Cup"]
[Site "Mali Losinj"]
[Date "2016.05.08"]
[Round "6.111"]
[White "Cherin, Diego"]
[Black "Saric, Sinisa"]
[Result "0-1"]
[WhiteElo "2214"]
[BlackElo "2448"]
[PlyCount "50"]
[EventDate "2016.05.04"]
[EventType "team-swiss"]
[EventRounds "6"]
[EventCountry "CRO"]
[SourceTitle "CBM 172 Extra"]
[Source "ChessBase"]
[SourceDate "2016.06.21"]
[SourceVersion "1"]
[SourceVersionDate "2016.06.21"]
[SourceQuality "1"]
[WhiteTeam "Rovinj Batana"]
[BlackTeam "Pacetin Sloga"]
[WhiteTeamCountry "CRO"]
[BlackTeamCountry "CRO"]

1. e4 d5 2. exd5 Qxd5 3. Nc3 Qd6 4. d4 Nf6 5. Nf3 Bg4 6. h3 Bh5 7. g4 Bg6 8. Ne5 Nbd7 9. Nxg6 hxg6 10. Bg2 c6 11. g5 Nd5 12. Ne4 Qc7 13. Qf3 e5 14. c4 Bb4+ 15. Ke2 Ne7 16. Qb3 a5 17. d5 Nc5 18. Nxc5 Bxc5 19. Be3 Bxe3 20. fxe3 Nf5 21. Rhd1 Rh5 22. dxc6 bxc6 23. Qa4 Rc8 24. Bf3 Rxh3 25. Rg1 e4 0-1

[Event "ITA-chT 48th"]
[Site "Civitanova Marche"]
[Date "2016.04.29"]
[Round "4.4"]
[White "Cherin, Diego"]
[Black "Pedini, Dario"]
[Result "0-1"]
[WhiteElo "2226"]
[BlackElo "2246"]
[PlyCount "108"]
[EventDate "2016.04.27"]
[EventType "team-swiss"]
[EventRounds "7"]
[EventCountry "ITA"]
[SourceTitle "CBM 172 Extra"]
[Source "ChessBase"]
[SourceDate "2016.06.21"]
[SourceVersion "1"]
[SourceVersionDate "2016.06.21"]
[SourceQuality "1"]
[WhiteTeam "SST 1904"]
[BlackTeam "Fano 1988"]
[WhiteTeamCountry "ITA"]
[BlackTeamCountry "ITA"]

1. e4 e5 2. Nf3 Nc6 3. Bb5 Nge7 4. Nc3 d6 5. d4 Bd7 6. Be3 Ng6 7. h4 exd4 8. Bxd4 Nxd4 9. Bxd7+ Qxd7 10. Qxd4 Nf4 11. 0-0-0 Ne6 12. Qe3 Be7 13. Qd4 Bf8 14. Qe3 Be7 15. Kb1 c6 16. g4 Qc7 17. Ne2 Qb6 18. Ned4 0-0-0 19. Rhe1 Rhe8 20. g5 g6 21. Nh2 Bf8 22. Nb3 Qxe3 23. Rxe3 h6 24. Nf3 Bg7 25. c3 Rh8 26. e5 hxg5 27. hxg5 dxe5 28. Rxd8+ Rxd8 29. Kc2 Rh8 30. Nbd2 Kc7 31. Nc4 Rh3 32. Kd3 Rxf3 33. Rxf3 e4+ 34. Kxe4 Nxg5+ 35. Kf4 Nxf3 36. Kxf3 b5 37. Nd2 Kd6 38. Ne4+ Ke6 39. Ng5+ Ke7 40. Ke4 f5+ 41. Kd3 Bf6 42. Nf3 Ke6 43. b3 g5 44. Ne1 g4 45. Nc2 Kd6 46. Ne3 Ke5 47. c4 Bg5 48. Nc2 bxc4+ 49. bxc4 c5 50. Na3 a6 51. Nb1 Bh4 52. Ke2 Kd4 53. Nd2 Bg5 54. Nf1 Bf4 0-1

[Event "CRO-chT2W"]
[Site "Croatia"]
[Date "2016.04.09"]
[Round "4.1"]
[White "Zufic, Zeljko"]
[Black "Cherin, Diego"]
[Result "1-0"]
[WhiteElo "2177"]
[BlackElo "2226"]
[PlyCount "135"]
[EventDate "2016.03.05"]
[EventType "team-tourn"]
[EventRounds "9"]
[EventCountry "CRO"]
[SourceTitle "CBM 171 Extra"]
[Source "ChessBase"]
[SourceDate "2016.04.26"]
[SourceVersion "1"]
[SourceVersionDate "2016.04.26"]
[SourceQuality "1"]
[WhiteTeam "Pula Uljanik"]
[BlackTeam "Rovinj Batana"]
[WhiteTeamCountry "CRO"]
[BlackTeamCountry "CRO"]

1. d4 f5 2. Nc3 d5 3. Nf3 e6 4. Bf4 Nf6 5. Nb5 Bd6 6. Nxd6+ cxd6 7. e3 0-0 8. Be2 h6 9. h3 Nc6 10. Bh2 Qe7 11. c3 Bd7 12. 0-0 Kh8 13. Qb3 Be8 14. Nd2 e5 15. Rfe1 Rc8 16. Rad1 Bf7 17. Qa3 Rfe8 18. Nf3 g5 19. b4 f4 20. b5 Nd8 21. Qxa7 Ne4 22. Rc1 Rxc3 23. Qa5 exd4 24. exf4 Rxc1 25. Rxc1 Nxf2 26. Qd2 Nxh3+ 27. Kf1 Nxf4 28. Bxf4 gxf4 29. Qxd4+ Kg8 30. Bd3 Qe3 31. Qc3 Ne6 32. Re1 Qc5 33. Qf6 Ng7 34. Rxe8+ Bxe8 35. Qxh6 Bxb5 36. Qh7+ Kf8 37. Qh8+ Ke7 38. Qxg7+ Kd8 39. Bxb5 Qxb5+ 40. Kf2 Qc4 41. Qb2 b5 42. a3 Qd3 43. Qb4 Qe3+ 44. Kf1 Qc1+ 45. Ke2 Qe3+ 46. Kd1 Qd3+ 47. Nd2 Kc7 48. Qb3 Qd4 49. Qxb5 Qa1+ 50. Kc2 Qxa3 51. Qb3 Qa8 52. Qc3+ Kd7 53. Qg7+ Kc6 54. Qc3+ Kd7 55. Qf3 Qg8 56. Nb3 Qg7 57. Qxd5 Qg6+ 58. Kd2 Qb1 59. Nd4 Qb4+ 60. Kd3 Qb1+ 61. Ke2 Qc1 62. Qe6+ Kc7 63. Qe4 Kb6 64. Kf3 Qf1+ 65. Kg4 Ka5 66. Ne2 Qd1 67. Kxf4 d5 68. Qf3 1-0

[Event "ITA-chT 47th"]
[Site "Civitanova Marche"]
[Date "2015.04.29"]
[Round "2.1"]
[White "Cherin, Diego"]
[Black "Dvirnyy, Danyyil"]
[Result "1/2-1/2"]
[WhiteElo "2255"]
[BlackElo "2536"]
[PlyCount "81"]
[EventDate "2015.04.29"]
[EventType "team-swiss"]
[EventRounds "7"]
[EventCountry "ITA"]
[SourceTitle "CBM 166 Extra"]
[Source "ChessBase"]
[SourceDate "2015.06.18"]
[SourceVersion "1"]
[SourceVersionDate "2015.06.18"]
[SourceQuality "1"]
[WhiteTeam "Triestina"]
[BlackTeam "Padova"]
[WhiteTeamCountry "ITA"]
[BlackTeamCountry "ITA"]

1. e4 d6 2. d4 Nf6 3. Nc3 e5 4. Nf3 Nbd7 5. Be2 Be7 6. 0-0 0-0 7. h3 c6 8. Be3 b5 9. a3 a6 10. Re1 Qc7 11. Nh2 Bb7 12. Ng4 Rad8 13. d5 cxd5 14. Nxf6+ Nxf6 15. Nxd5 Nxd5 16. exd5 f5 17. a4 b4 18. a5 Rc8 19. Qd2 f4 20. Bb6 Qxc2 21. Qxb4 Bxd5 22. Rad1 Bb7 23. Bd3 Qc6 24. Be4 Qd7 25. Qb3+ Kh8 26. Bd5 Rf6 27. Rc1 h6 28. f3 Bxd5 29. Qxd5 Rff8 30. b4 Bh4 31. Red1 Rxc1 32. Rxc1 Rc8 33. Rd1 Qa4 34. Qxd6 Be7 35. Qd3 Bxb4 36. Kh2 Re8 37. Rb1 Bxa5 38. Qxa6 Qc2 39. Qb5 Rb8 40. Qxe5 Qxb1 41. Qxb8+ 1/2-1/2

[Event "Trieste op 16th"]
[Site "Trieste"]
[Date "2014.09.04"]
[Round "7"]
[White "Cherin, Diego"]
[Black "Sumets, Andrey"]
[Result "1/2-1/2"]
[WhiteElo "2247"]
[BlackElo "2622"]
[PlyCount "99"]
[EventDate "2014.08.30"]
[EventType "swiss"]
[EventRounds "9"]
[EventCountry "ITA"]
[SourceTitle "CBM 162 Extra"]
[Source "ChessBase"]
[SourceDate "2014.10.17"]
[SourceVersion "1"]
[SourceVersionDate "2014.10.17"]
[SourceQuality "1"]

1. e4 c6 2. d4 d5 3. e5 Bf5 4. c4 e6 5. Nc3 Nd7 6. Nge2 h6 7. Ng3 Bh7 8. cxd5 cxd5 9. Bd3 Bxd3 10. Qxd3 Ne7 11. 0-0 a6 12. Be3 g6 13. Rac1 h5 14. Bg5 Bh6 15. Bxh6 Rxh6 16. Qd2 Rh8 17. Na4 Nc6 18. Ne2 Qa5 19. Qd1 Rc8 20. Nc5 Nxc5 21. Rxc5 Qb4 22. Qc2 Kd7 23. Rc1 Rc7 24. a3 Qb6 25. b4 Rhc8 26. Qd2 Qa7 27. Qg5 b6 28. R5c3 Ne7 29. Qd2 Rc4 30. h3 Ke8 31. g4 hxg4 32. hxg4 b5 33. Kg2 Nc6 34. Rh1 Qe7 35. Rxc4 bxc4 36. Qf4 a5 37. b5 Nd8 38. Rh3 a4 39. Qc1 Qa7 40. Qc3 Nb7 41. Rh8+ Kd7 42. Rh7 Rf8 43. Nf4 Ke8 44. Qb2 Qb6 45. Kg3 Rg8 46. Kf3 Rf8 47. Ke3 Qa5 48. Ne2 Kd7 49. Qb1 Ke8 50. g5 1/2-1/2

[Event "Pula op 28th"]
[Site "Pula"]
[Date "2014.06.14"]
[Round "9"]
[White "Cherin, Diego"]
[Black "Tratar, Marko"]
[Result "0-1"]
[WhiteElo "2239"]
[BlackElo "2484"]
[PlyCount "84"]
[EventDate "2014.06.07"]
[EventType "swiss"]
[EventRounds "9"]
[EventCountry "CRO"]
[SourceTitle "CBM 160 Extra"]
[Source "ChessBase"]
[SourceDate "2014.07.01"]
[SourceVersion "1"]
[SourceVersionDate "2014.07.01"]
[SourceQuality "1"]

1. e4 e6 2. d4 d5 3. Nd2 Nc6 4. Ngf3 Nf6 5. e5 Nd7 6. c4 Be7 7. Be2 0-0 8. 0-0 f6 9. cxd5 exd5 10. exf6 Nxf6 11. Nb3 Bd6 12. Bg5 Qe8 13. Bh4 Ne4 14. Bg3 Nxg3 15. hxg3 Bg4 16. Nc1 Kh8 17. Ne1 Bd7 18. Bg4 Rd8 19. Nb3 Bxg3 20. Nc5 Bc8 21. Bxc8 Rxc8 22. Nf3 Bf4 23. Qb3 b6 24. Rfe1 Qh5 25. Ne6 Rf6 26. Nxf4 Rxf4 27. Qc3 Rf6 28. Ne5 Rh6 29. f3 Nxe5 30. dxe5 Qh2+ 31. Kf2 Rg6 32. Rg1 Qg3+ 33. Kf1 c5 34. Re1 Re8 35. Qe3 d4 36. Qf2 Qf4 37. g3 Qf5 38. f4 Rg4 39. Ke2 g5 40. Rgf1 gxf4 41. gxf4 Reg8 42. Rg1 Qc2+ 0-1

[Event "CRO-chT3 West"]
[Site "Croatia"]
[Date "2011.03.13"]
[Round "2.51"]
[White "Cherin, Diego"]
[Black "Mandekic, Ivan"]
[Result "1-0"]
[WhiteElo "2261"]
[BlackElo "2297"]
[PlyCount "67"]
[EventDate "2011.03.12"]
[EventType "team-tourn"]
[EventRounds "9"]
[EventCountry "CRO"]
[SourceTitle "EXT 2014"]
[Source "ChessBase"]
[SourceDate "2013.11.20"]
[SourceVersion "1"]
[SourceVersionDate "2013.11.20"]
[SourceQuality "1"]

1. e4 c5 2. Nf3 d6 3. d4 cxd4 4. Nxd4 Nf6 5. Nc3 g6 6. Be3 Bg7 7. f3 Nc6 8. Qd2 0-0 9. 0-0-0 Nxd4 10. Bxd4 Be6 11. Kb1 Qc7 12. Nd5 Bxd5 13. exd5 Rfc8 14. c3 Rab8 15. h4 b5 16. h5 a5 17. g4 b4 18. c4 b3 19. a3 e6 20. hxg6 hxg6 21. dxe6 fxe6 22. Bc3 d5 23. Qg5 Qf7 24. Bd3 Nh7 25. Rxh7 Kxh7 26. Rh1+ Kg8 27. Bxg6 Qc7 28. Rh7 d4 29. Bxd4 e5 30. Rxg7+ Qxg7 31. Bxe5 Qa7 32. Be4+ Kf8 33. Qh6+ Ke8 34. Qh8+ 1-0

[Event "Trieste op 12th"]
[Site "Trieste"]
[Date "2010.09.07"]
[Round "5"]
[White "Laco, Giuseppe"]
[Black "Cherin, Diego"]
[Result "0-1"]
[WhiteElo "2126"]
[BlackElo "2285"]
[PlyCount "56"]
[EventDate "2010.09.04"]
[EventType "swiss"]
[EventRounds "9"]
[EventCountry "ITA"]
[SourceTitle "CBM 138 Extra"]
[Source "ChessBase"]
[SourceDate "2010.10.29"]
[SourceVersion "1"]
[SourceVersionDate "2010.10.29"]
[SourceQuality "1"]

1. c4 f5 2. b4 Nf6 3. Bb2 e6 4. a3 b6 5. d4 Bb7 6. f3 Be7 7. Qb3 0-0 8. Nh3 Qe8 9. Nd2 d6 10. Nf4 Qf7 11. h4 Nbd7 12. Nd3 Rab8 13. 0-0-0 a6 14. Re1 c5 15. e3 Rfc8 16. Kb1 b5 17. Nf4 cxb4 18. cxb5 bxa3 19. Bxa3 Nd5 20. Nxd5 Bxd5 21. Qb4 axb5 22. e4 fxe4 23. fxe4 Bc4 24. Be2 Qf2 25. Bd1 Qxd4 26. Nb3 Bd3+ 27. Ka2 Qxb4 28. Bxb4 Ra8+ 0-1

[Event "Trieste op 12th"]
[Site "Trieste"]
[Date "2010.09.05"]
[Round "2"]
[White "Cherin, Diego"]
[Black "Rombaldoni, Axel"]
[Result "0-1"]
[WhiteElo "2285"]
[BlackElo "2448"]
[PlyCount "66"]
[EventDate "2010.09.04"]
[EventType "swiss"]
[EventRounds "9"]
[EventCountry "ITA"]
[SourceTitle "CBM 138 Extra"]
[Source "ChessBase"]
[SourceDate "2010.10.29"]
[SourceVersion "1"]
[SourceVersionDate "2010.10.29"]
[SourceQuality "1"]

1. e4 c5 2. Nf3 d6 3. d4 cxd4 4. Nxd4 Nf6 5. Nc3 Bd7 6. Be2 e5 7. Nb3 Bc6 8. Bg5 Nbd7 9. Qd3 Be7 10. 0-0-0 0-0 11. h4 a5 12. Bxf6 Nxf6 13. Nd2 d5 14. exd5 Nxd5 15. Nxd5 Qxd5 16. Qxd5 Bxd5 17. Bf3 Bxa2 18. Bxb7 Ra7 19. Be4 f5 20. Bc6 Rc7 21. Ba4 Rb8 22. Rh3 Be6 23. Re3 e4 24. Bb3 Bxb3 25. Rxb3 Rbc8 26. c3 Bxh4 27. Rb5 g6 28. g3 Bg5 29. Rxa5 Rd7 30. Ra2 e3 31. fxe3 Bxe3 32. b4 Rxc3+ 33. Rc2 Rcd3 0-1

[Event "Trieste op 12th"]
[Site "Trieste"]
[Date "2010.09.05"]
[Round "3"]
[White "Sorbera, Giovanni"]
[Black "Cherin, Diego"]
[Result "1/2-1/2"]
[WhiteElo "2010"]
[BlackElo "2285"]
[PlyCount "87"]
[EventDate "2010.09.04"]
[EventType "swiss"]
[EventRounds "9"]
[EventCountry "ITA"]
[SourceTitle "CBM 138 Extra"]
[Source "ChessBase"]
[SourceDate "2010.10.29"]
[SourceVersion "1"]
[SourceVersionDate "2010.10.29"]
[SourceQuality "1"]

1. e4 c5 2. Nf3 e6 3. d4 cxd4 4. Nxd4 Nc6 5. Nc3 Qc7 6. Be3 a6 7. g3 b5 8. a3 Bb7 9. Bg2 Nf6 10. 0-0 Be7 11. h3 0-0 12. f4 d6 13. Qd3 Rac8 14. Nce2 Rfe8 15. Nxc6 Bxc6 16. Nc3 Qb7 17. Rfe1 Red8 18. Rad1 a5 19. Bf2 Nd7 20. b4 axb4 21. axb4 Nb6 22. Nxb5 Na4 23. Na7 Nb2 24. Qb3 Nxd1 25. Nxc8 Rxc8 26. Rxd1 Bxe4 27. Bxe4 Qxe4 28. Rc1 d5 29. b5 d4 30. b6 Rc3 31. Qb2 Qb7 32. Ra1 Bc5 33. Qxc3 dxc3 34. Bxc5 Qf3 35. Bf2 h5 36. Rb1 Qb7 37. Rb3 Kh7 38. Rxc3 Qe4 39. Rd3 Kg6 40. Kf1 Qc6 41. c3 Qb5 42. Ke2 Kf5 43. Kd2 Qb2+ 44. Ke1 1/2-1/2

[Event "ITA-chT 42nd"]
[Site "Arvier"]
[Date "2010.05.02"]
[Round "7"]
[White "Rombaldoni, Denis"]
[Black "Cherin, Diego"]
[Result "1-0"]
[WhiteElo "2482"]
[BlackElo "2283"]
[PlyCount "125"]
[EventDate "2010.04.29"]
[EventType "team"]
[EventRounds "7"]
[EventCountry "ITA"]
[SourceTitle "CBM 136 Extra"]
[Source "ChessBase"]
[SourceDate "2010.07.02"]
[SourceVersion "2"]
[SourceVersionDate "2010.07.15"]
[SourceQuality "1"]

1. d4 f5 2. Bf4 Nf6 3. e3 d5 4. Nf3 e6 5. Nbd2 Be7 6. Ne5 0-0 7. Be2 Nbd7 8. h4 c5 9. c3 Qb6 10. Qc2 Nxe5 11. Bxe5 Bd6 12. Nf3 Ng4 13. Bxd6 Qxd6 14. Rd1 Bd7 15. Kf1 Rae8 16. Rd2 b5 17. Ne1 c4 18. Kg1 Rb8 19. Bxg4 fxg4 20. Qd1 h5 21. Nc2 Be8 22. e4 Bg6 23. e5 Qe7 24. a3 a5 25. Qe2 Rf4 26. Qe3 Rff8 27. Qg3 Bxc2 28. Rxc2 b4 29. axb4 axb4 30. Kh2 Qf7 31. Qe3 Qf5 32. Rd2 Rb7 33. Ra1 Rfb8 34. Kg3 Kh7 35. Qf4 Kg6 36. Ra6 bxc3 37. bxc3 Rb3 38. Qxf5+ Kxf5 39. Rc2 Rb2 40. Rc1 Rb1 41. Rxb1 Rxb1 42. f3 gxf3 43. gxf3 Rb7 44. Rc6 Re7 45. Rb6 g5 46. hxg5 Kxg5 47. f4+ Kf5 48. Kf3 Ra7 49. Rb8 Ra3 50. Rf8+ Kg6 51. f5+ Kg7 52. Rd8 Rxc3+ 53. Kf4 exf5 54. Rxd5 h4 55. Rd7+ Kg8 56. e6 Kf8 57. Kg5 Ke8 58. Kf6 Re3 59. d5 h3 60. Rh7 Kd8 61. d6 Kc8 62. Rh8+ Kb7 63. d7 1-0

[Event "ITA-chT 42nd"]
[Site "Arvier"]
[Date "2010.05.01"]
[Round "5"]
[White "Cherin, Diego"]
[Black "Borgo, Giulio"]
[Result "0-1"]
[WhiteElo "2283"]
[BlackElo "2442"]
[PlyCount "98"]
[EventDate "2010.04.29"]
[EventType "team"]
[EventRounds "7"]
[EventCountry "ITA"]
[SourceTitle "CBM 136 Extra"]
[Source "ChessBase"]
[SourceDate "2010.07.02"]
[SourceVersion "2"]
[SourceVersionDate "2010.07.15"]
[SourceQuality "1"]

1. e4 d6 2. d4 Nf6 3. Nc3 e5 4. Nf3 Nbd7 5. Bc4 Be7 6. 0-0 0-0 7. Re1 c6 8. a4 a5 9. b3 exd4 10. Qxd4 Nb6 11. Ba3 Qc7 12. Bf1 Bg4 13. Re3 Rad8 14. h3 Bc8 15. Rd1 Rfe8 16. Qd2 Bf8 17. Rd3 Nxe4 18. Nxe4 Rxe4 19. Bxd6 Bxd6 20. Rxd6 Rxd6 21. Qxd6 Qxd6 22. Rxd6 Kf8 23. Bd3 Re8 24. Rd4 h6 25. Nd2 Re1+ 26. Kh2 Ke7 27. Nc4 Nxc4 28. Rxc4 Bd7 29. Kg3 Kd6 30. Rd4+ Kc7 31. h4 Re5 32. Kf4 f6 33. f3 b5 34. Kg3 c5 35. Rf4 c4 36. Bg6 Be6 37. Be8 cxb3 38. cxb3 b4 39. Bb5 Bxb3 40. Rg4 g5 41. f4 Rxb5 42. fxg5 Rb8 43. gxh6 Rh8 44. Rg7+ Kb6 45. Rg6 Bxa4 46. Rxf6+ Bc6 47. Kf4 b3 48. Ke3 b2 49. Rf1 Re8+ 0-1